[Event "I Open Ciutat de Sueca 2015"]
[Site "Sueca ESP"]
[Date "2015.07.27"]
[Round "1.1"]
[White "Espasa Marti, Francisco Jose"]
[Black "Valmana Canto, Jaime"]
[Result "0-1"]
[WhiteElo "1835"]
[BlackElo "2416"]
[PlyCount "48"]
[EventDate "2015.07.27"]
[EventType "swiss"]
[EventRounds "8"]
[EventCountry "ESP"]
[SourceTitle "Ajedrez en Madrid"]
[Source "lmi"]
[SourceDate "2015.05.27"]

1. d4 g6 2. Nf3 Bg7 3. Bf4 d6 4. e3 Nd7 5. Be2 b6 6. c3 Bb7 7. Nbd2 e5 8. Bg3
Qe7 9. O-O Ngf6 10. h3 O-O 11. Bb5 a6 12. Ba4 b5 13. Bb3 c5 14. Bh2 e4 15. Ne1
c4 16. Bc2 d5 17. b3 cxb3 18. axb3 Rac8 19. c4 dxc4 20. bxc4 bxc4 21. Qb1 c3
22. Nb3 Bc6 23. Rxa6 Bb5 24. Rb6 Nxb6 0-1

[Event "I Open Ciutat de Sueca 2015"]
[Site "Sueca ESP"]
[Date "2015.07.27"]
[Round "1.2"]
[White "Garcia, Jhoel"]
[Black "Soler Nadal, Jose Antonio"]
[Result "1-0"]
[WhiteElo "2336"]
[BlackElo "1806"]
[PlyCount "82"]
[EventDate "2015.07.27"]
[EventType "swiss"]
[EventRounds "8"]
[EventCountry "ESP"]
[SourceTitle "Ajedrez en Madrid"]
[Source "lmi"]
[SourceDate "2015.05.27"]

1. g3 d5 2. Bg2 Nf6 3. c4 c6 4. Nf3 e6 5. b3 Be7 6. O-O Nbd7 7. Bb2 O-O 8. d4
Ne4 9. Nbd2 f5 10. Rc1 Bf6 11. b4 g5 12. Qb3 g4 13. Nxe4 fxe4 14. Ne5 Bxe5 15.
dxe5 Nb6 16. cxd5 cxd5 17. Bd4 Bd7 18. Qe3 Bc6 19. h3 h5 20. Qh6 Qe8 21. hxg4
hxg4 22. Qg5+ Kh7 23. Qxg4 Qg6 24. Qh4+ Kg8 25. f4 Rf7 26. Kf2 Rh7 27. Qf6 Rg7
28. Qxg6 Rxg6 29. Rh1 Kg7 30. Rh2 Rh8 31. Rxh8 Kxh8 32. Bh3 Nc4 33. g4 Rh6 34.
Kg3 a6 35. f5 exf5 36. gxf5 e3 37. Rg1 Nd2 38. e6+ Kh7 39. Kh2 Rh4 40. Bxe3 Ne4
41. f6 Rh5 1-0

[Event "I Open Ciutat de Sueca 2015"]
[Site "Sueca ESP"]
[Date "2015.07.27"]
[Round "1.3"]
[White "Carmona Huertas, Juan Antonio"]
[Black "Montoliu Cervero, Francisco"]
[Result "0-1"]
[WhiteElo "1801"]
[BlackElo "2335"]
[PlyCount "70"]
[EventDate "2015.07.27"]
[EventType "swiss"]
[EventRounds "8"]
[EventCountry "ESP"]
[SourceTitle "Ajedrez en Madrid"]
[Source "lmi"]
[SourceDate "2015.05.27"]

1. d4 d5 2. c4 c6 3. Nc3 Nf6 4. Nf3 a6 5. cxd5 cxd5 6. Qb3 Nc6 7. Bg5 e6 8. e3
Be7 9. Be2 O-O 10. O-O b5 11. a3 Bb7 12. Rac1 Rc8 13. Qa2 Na5 14. Ne5 Nc4 15.
b3 Nxe5 16. dxe5 Nd7 17. Bxe7 Qxe7 18. Qb2 Nxe5 19. Nxb5 axb5 20. Qxe5 Qxa3 21.
Rxc8 Rxc8 22. Bxb5 Qxb3 23. Bd7 Rd8 24. Qc7 Rf8 25. Rc1 Ba6 26. h3 Bc4 27. e4
Qb2 28. Re1 Qd2 29. Ra1 Qd4 30. Ra4 Qxe4 31. Qa5 Qb1+ 32. Kh2 Qb2 33. Qe1 Qb7
34. Bxe6 fxe6 35. Qxe6+ Qf7 0-1

[Event "I Open Ciutat de Sueca 2015"]
[Site "Sueca ESP"]
[Date "2015.07.27"]
[Round "1.4"]
[White "Suba, Mihai"]
[Black "Villanueva Claramonte, Ramon"]
[Result "1-0"]
[WhiteElo "2322"]
[BlackElo "1793"]
[PlyCount "45"]
[EventDate "2015.07.27"]
[EventType "swiss"]
[EventRounds "8"]
[EventCountry "ESP"]
[SourceTitle "Ajedrez en Madrid"]
[Source "lmi"]
[SourceDate "2015.05.27"]

1. c4 c6 2. e4 d5 3. cxd5 cxd5 4. exd5 Qxd5 5. Nc3 Qd8 6. Bc4 e6 7. Nf3 Nc6 8.
O-O Nf6 9. d4 Be7 10. a3 O-O 11. Qd3 a6 12. Ba2 b5 13. Bg5 Bb7 14. Rad1 Nd5 15.
Nxd5 Bxg5 16. Nb6 Ra7 17. Nd7 Re8 18. d5 exd5 19. Qxd5 Ne5 20. Qxe5 Rxe5 21.
Ndxe5 Bxf3 22. Rxd8+ Bxd8 23. Nxf3 1-0

[Event "I Open Ciutat de Sueca 2015"]
[Site "Sueca ESP"]
[Date "2015.07.27"]
[Round "1.5"]
[White "Albert Garrote, Amadeo"]
[Black "Diaz Velandia, Jose Manuel"]
[Result "0-1"]
[WhiteElo "1788"]
[BlackElo "2315"]
[PlyCount "120"]
[EventDate "2015.07.27"]
[EventType "swiss"]
[EventRounds "8"]
[EventCountry "ESP"]
[SourceTitle "Ajedrez en Madrid"]
[Source "lmi"]
[SourceDate "2015.05.27"]

1. d4 f5 2. g4 e6 3. Bg2 Nf6 4. Bg5 Be7 5. Bxf6 Bxf6 6. Nc3 O-O 7. Qd3 Nc6 8.
gxf5 Bxd4 9. Nf3 Bxc3+ 10. Qxc3 Rxf5 11. Bh3 Rf4 12. O-O-O Qf6 13. Qd3 Qh6 14.
Qd2 d6 15. Rdg1 Bd7 16. Rg3 Rf6 17. Qxh6 Rxh6 18. Rhg1 g6 19. Ng5 Rf8 20. R1g2
Re8 21. f4 Re7 22. e4 d5 23. f5 exf5 24. exf5 Bxf5 25. Bxf5 gxf5 26. Nf3+ Kf7
27. h4 Rf6 28. c3 Ke8 29. b4 a6 30. a4 b5 31. axb5 axb5 32. Kd2 f4 33. Rg5 Re3
34. Rf2 Ne7 35. Nd4 c6 36. Rg7 h5 37. Rh7 Re5 38. Nf3 Re3 39. Rxh5 Nf5 40. Rh7
Nd6 41. Kc2 Ne4 42. Rf1 Rxc3+ 43. Kb2 Re3 44. Ra1 Re2+ 45. Kb3 Re3+ 46. Kc2 Rf7
47. Ra8+ Ke7 48. Ra7+ Kd6 49. Raxf7 Rxf3 50. Rh6+ Ke5 51. Rxc6 Kd4 52. h5 Rf2+
53. Kb1 Nc3+ 54. Kc1 Kd3 55. Rxc3+ Kxc3 56. Kd1 Rh2 57. Rxf4 Rxh5 58. Ke2 Rh2+
59. Ke3 d4+ 60. Kf3 d3 0-1

[Event "I Open Ciutat de Sueca 2015"]
[Site "Sueca ESP"]
[Date "2015.07.27"]
[Round "1.6"]
[White "Garcia Fernandez, Carlos"]
[Black "Agullo Valcarcel, Carlos"]
[Result "1-0"]
[WhiteElo "2312"]
[BlackElo "1719"]
[PlyCount "71"]
[EventDate "2015.07.27"]
[EventType "swiss"]
[EventRounds "8"]
[EventCountry "ESP"]
[SourceTitle "Ajedrez en Madrid"]
[Source "lmi"]
[SourceDate "2015.05.27"]

1. e4 c5 2. c3 e6 3. d4 d5 4. e5 a6 5. Nf3 cxd4 6. cxd4 Ne7 7. Bd3 Nbc6 8. Nc3
Bd7 9. a3 b5 10. O-O Rc8 11. h4 g6 12. g3 h6 13. Kg2 Qb6 14. Ne2 Qd8 15. Rh1
Bg7 16. Bf4 Na5 17. b3 Nac6 18. Qd2 Nf5 19. Rhb1 Bf8 20. b4 Qb6 21. Bxf5 exf5
22. Be3 Be6 23. Nf4 Qd8 24. Nd3 Rc7 25. Bf4 Qc8 26. Rc1 Bg7 27. Rc3 Ne7 28. Nc5
Rc6 29. Rac1 f6 30. exf6 Bxf6 31. Be5 Kf7 32. Bxf6 Kxf6 33. Qe3 Re8 34. Qxh6
Ng8 35. Qh8+ Kf7 36. Ne5+ 1-0

[Event "I Open Ciutat de Sueca 2015"]
[Site "Sueca ESP"]
[Date "2015.07.27"]
[Round "1.7"]
[White "Galvan Cipriani, Viviana"]
[Black "Cruz Lledo, Pablo"]
[Result "0-1"]
[WhiteElo "1698"]
[BlackElo "2299"]
[PlyCount "120"]
[EventDate "2015.07.27"]
[EventType "swiss"]
[EventRounds "8"]
[EventCountry "ESP"]
[SourceTitle "Ajedrez en Madrid"]
[Source "lmi"]
[SourceDate "2015.05.27"]

1. c4 c6 2. Nf3 d5 3. e3 Nf6 4. b3 Bg4 5. Bb2 Nbd7 6. d4 e6 7. Be2 Bb4+ 8. Nbd2
Ne4 9. O-O Nc3 10. Bxc3 Bxc3 11. Rc1 Bb4 12. Bd3 Qf6 13. Rc2 O-O 14. e4 Bxd2
15. Rxd2 Bxf3 16. Qxf3 Qxf3 17. gxf3 Rad8 18. cxd5 exd5 19. e5 g5 20. Kh1 Kh8
21. Rg1 Rg8 22. Rg3 Nf8 23. Bf5 Ne6 24. Rh3 Rg7 25. Bxe6 fxe6 26. Rh6 Rg6 27.
Rxg6 hxg6 28. Rd1 Rf8 29. Kg2 Kg7 30. Kg3 Rf4 31. b4 Kf7 32. Rd3 Ke7 33. a3 Kd7
34. Kg2 Kc7 35. Kf1 Kb6 36. Ke2 Rh4 37. Ke3 Rxh2 38. Rd1 Kb5 39. Rg1 Rh5 40.
Kd2 Kc4 41. Rg4 Kb3 42. Rg3 Kxa3 43. Kc3 Rh2 44. Rg1 Rxf2 45. Ra1+ Ra2 46. Rb1
Ka4 47. Rg1 Ra3+ 48. Kd2 Rxf3 49. Rxg5 Kxb4 50. Rxg6 Kc4 51. Rxe6 Kxd4 52. Rf6
Rd3+ 53. Kc2 Re3 54. e6 Ke5 55. Rf7 b5 56. Rf3 Re4 57. Ra3 Kxe6 58. Rxa7 Re3
59. Ra6 Kd6 60. Ra8 Ke5 0-1

[Event "I Open Ciutat de Sueca 2015"]
[Site "Sueca ESP"]
[Date "2015.07.27"]
[Round "1.8"]
[White "Torres Sanchez, Jose"]
[Black "Castello Castello, Juan Jose"]
[Result "1-0"]
[WhiteElo "2286"]
[BlackElo "1672"]
[PlyCount "27"]
[EventDate "2015.07.27"]
[EventType "swiss"]
[EventRounds "8"]
[EventCountry "ESP"]
[SourceTitle "Ajedrez en Madrid"]
[Source "lmi"]
[SourceDate "2015.05.27"]

1. e4 c5 2. Nf3 Nc6 3. d4 cxd4 4. Nxd4 d6 5. Nc3 Nf6 6. Bg5 Bd7 7. Qd2 Qb6 8.
Ndb5 O-O-O 9. O-O-O a6 10. Na3 Qa5 11. Nc4 Qc7 12. Bxf6 gxf6 13. Nd5 Qb8 14.
Ncb6# 1-0

[Event "I Open Ciutat de Sueca 2015"]
[Site "Sueca ESP"]
[Date "2015.07.27"]
[Round "1.9"]
[White "Rubio Tent, Pedro"]
[Black "Fos Santacreu, Juan Andres"]
[Result "0-1"]
[WhiteElo "1665"]
[BlackElo "2286"]
[PlyCount "106"]
[EventDate "2015.07.27"]
[EventType "swiss"]
[EventRounds "8"]
[EventCountry "ESP"]
[SourceTitle "Ajedrez en Madrid"]
[Source "lmi"]
[SourceDate "2015.05.27"]

1. e4 c6 2. d4 d5 3. Nc3 dxe4 4. Nxe4 Nf6 5. Ng3 Bg4 6. Be2 Bxe2 7. N1xe2 e6 8.
O-O Bd6 9. Bf4 Be7 10. Nc3 Nbd7 11. Nce4 Nb6 12. Nxf6+ Bxf6 13. c3 g6 14. Bh6
Qd5 15. Re1 O-O-O 16. Ne4 Be7 17. Qc1 Nd7 18. Qf4 f6 19. Qh4 Rhg8 20. Bf4 h5
21. Qg3 h4 22. Qxh4 g5 23. Qh7 Rde8 24. Bd2 f5 25. Ng3 Nf6 26. Qf7 Bd8 27. Re5
Qd6 28. Rae1 Rgf8 29. Rxe6 Qd5 30. Qg7 Rxe6 31. Rxe6 Qxe6 32. Qxf8 f4 33. Nf1
Qe2 34. f3 Qe6 35. Qa3 a6 36. Qb3 Qf5 37. Qd1 Bb6 38. Be1 g4 39. Bh4 gxf3 40.
Qxf3 Ng4 41. Qe2 Kb8 42. h3 Ne3 43. Bf2 Nxf1 44. Qxf1 Qc2 45. Qa1 Bc7 46. a4 f3
47. g3 b6 48. Qa3 Kb7 49. Qf8 Qd1+ 50. Kh2 Qe2 51. Kg1 Bxg3 52. Qg7+ Bc7 53. b4
Qd1+ 0-1

[Event "I Open Ciutat de Sueca 2015"]
[Site "Sueca ESP"]
[Date "2015.07.27"]
[Round "1.10"]
[White "Uran Bermudez, Oliver Kevin"]
[Black "Raro Gualda, Javier"]
[Result "1-0"]
[WhiteElo "2216"]
[BlackElo "1658"]
[PlyCount "75"]
[EventDate "2015.07.27"]
[EventType "swiss"]
[EventRounds "8"]
[EventCountry "ESP"]
[SourceTitle "Ajedrez en Madrid"]
[Source "lmi"]
[SourceDate "2015.05.27"]

1. e4 e5 2. Nf3 Nc6 3. Bb5 a6 4. Ba4 Nf6 5. O-O Nxe4 6. Re1 Nc5 7. Bxc6 dxc6 8.
d4 Ne6 9. Nxe5 Be7 10. Be3 O-O 11. c3 Re8 12. Qh5 Rf8 13. Nd2 Bf6 14. Rad1 g6
15. Qf3 Bg5 16. Ne4 Bxe3 17. Qxe3 Ng7 18. Qf4 Nh5 19. Qh6 f6 20. Nxg6 hxg6 21.
Qxg6+ Ng7 22. Ng3 Qd7 23. Re4 Qf7 24. Qh6 Re8 25. Rh4 Kf8 26. Nh5 Re7 27. Nxf6
Qe6 28. Re4 Qxe4 29. Nxe4 Rxe4 30. Qf6+ Kg8 31. f3 Re6 32. Qd8+ Ne8 33. d5 cxd5
34. Rxd5 Kf7 35. Rf5+ Rf6 36. Re5 Nd6 37. Re7+ Kg6 38. Qg8+ 1-0

[Event "I Open Ciutat de Sueca 2015"]
[Site "Sueca ESP"]
[Date "2015.07.27"]
[Round "1.11"]
[White "Carbonell Sancho, Marc"]
[Black "Galvan, Jesus"]
[Result "0-1"]
[WhiteElo "1656"]
[BlackElo "2216"]
[PlyCount "72"]
[EventDate "2015.07.27"]
[EventType "swiss"]
[EventRounds "8"]
[EventCountry "ESP"]
[SourceTitle "Ajedrez en Madrid"]
[Source "lmi"]
[SourceDate "2015.05.27"]

1. e4 d6 2. d4 Nf6 3. Bd3 c5 4. c3 e5 5. Ne2 Be7 6. O-O O-O 7. f3 Nc6 8. d5 Nb8
9. Qc2 Nbd7 10. f4 Ng4 11. h3 c4 12. hxg4 cxd3 13. Qxd3 exf4 14. Nxf4 Ne5 15.
Qg3 Bh4 16. Qe3 Nxg4 17. Qe2 Bg3 18. Rf3 Qb6+ 19. Be3 Nxe3 20. Qxe3 Qxe3+ 21.
Rxe3 Bxf4 22. Rf3 Be5 23. Na3 Bg4 24. Re3 Rac8 25. Rf1 a6 26. Nc2 f5 27. exf5
Rxf5 28. Rxf5 Bxf5 29. Ne1 Bd7 30. Nd3 Re8 31. Nxe5 Rxe5 32. Rxe5 dxe5 33. c4
Kf7 34. Kf2 Ke7 35. Kf3 h5 36. g3 g6 0-1

[Event "I Open Ciutat de Sueca 2015"]
[Site "Sueca ESP"]
[Date "2015.07.27"]
[Round "1.12"]
[White "Montalban Galvez, Antoni"]
[Black "Riddoch, Alan"]
[Result "1-0"]
[WhiteElo "2186"]
[BlackElo "1650"]
[PlyCount "51"]
[EventDate "2015.07.27"]
[EventType "swiss"]
[EventRounds "8"]
[EventCountry "ESP"]
[SourceTitle "Ajedrez en Madrid"]
[Source "lmi"]
[SourceDate "2015.05.27"]

1. d4 Nf6 2. Nf3 g6 3. g3 Bg7 4. Bg2 O-O 5. O-O d5 6. c4 dxc4 7. Na3 Nc6 8.
Nxc4 Bg4 9. Nce5 Nxe5 10. Nxe5 c6 11. Nxg4 Nxg4 12. e3 Nf6 13. b3 Qc7 14. Bb2
Rad8 15. Qc2 Rfe8 16. Rfd1 Bh6 17. d5 Ng4 18. Qc3 f6 19. dxc6 b6 20. Qc4+ e6
21. Qxg4 Kf7 22. Rxd8 Rxd8 23. Rd1 Rd6 24. Rxd6 Qxd6 25. Qd4 Qe7 26. Qxf6+ 1-0

[Event "I Open Ciutat de Sueca 2015"]
[Site "Sueca ESP"]
[Date "2015.07.27"]
[Round "1.13"]
[White "Vigliaroli, Matteo Luigi"]
[Black "Alberola Mulet, Jairo"]
[Result "0-1"]
[WhiteElo "1637"]
[BlackElo "2185"]
[PlyCount "66"]
[EventDate "2015.07.27"]
[EventType "swiss"]
[EventRounds "8"]
[EventCountry "ESP"]
[SourceTitle "Ajedrez en Madrid"]
[Source "lmi"]
[SourceDate "2015.05.27"]

1. e4 d5 2. exd5 Nf6 3. d4 Bg4 4. f3 Bf5 5. Bd3 Qxd5 6. c4 Qd7 7. Ne2 e5 8.
Bxf5 Qxf5 9. Ng3 Bb4+ 10. Bd2 Bxd2+ 11. Qxd2 Qe6 12. dxe5 Qxe5+ 13. Qe2 Nc6 14.
Nc3 O-O-O 15. Rd1 Qc5 16. Rxd8+ Rxd8 17. Nce4 Qb4+ 18. Kf2 Nxe4+ 19. Qxe4 Qxb2+
20. Ne2 Nd4 21. Re1 Nxe2 22. Rxe2 Qd4+ 23. Kf1 Qxe4 24. Rxe4 Kd7 25. Kf2 Re8
26. Rd4+ Kc6 27. Rd5 Re7 28. Rf5 b6 29. a4 f6 30. g3 Re5 31. Rf4 Kc5 32. h4 Kb4
33. Rd4 Re7 0-1

[Event "I Open Ciutat de Sueca 2015"]
[Site "Sueca ESP"]
[Date "2015.07.27"]
[Round "1.14"]
[White "Frasquet Solbes, Elias"]
[Black "Sanmateu Juan, Sergio"]
[Result "1/2-1/2"]
[WhiteElo "2171"]
[BlackElo "1629"]
[PlyCount "104"]
[EventDate "2015.07.27"]
[EventType "swiss"]
[EventRounds "8"]
[EventCountry "ESP"]
[SourceTitle "Ajedrez en Madrid"]
[Source "lmi"]
[SourceDate "2015.05.27"]

1. Nf3 e6 2. d4 d5 3. e3 Nf6 4. Bd3 Bd6 5. Nbd2 b6 6. e4 dxe4 7. Nxe4 Bb7 8.
Qe2 Nxe4 9. Bxe4 Bxe4 10. Qxe4 Nd7 11. Bg5 Be7 12. Bxe7 Kxe7 13. O-O Re8 14.
Qxh7 Rg8 15. Rfe1 Nf6 16. Qd3 Rh8 17. Qa3+ Qd6 18. Qxd6+ cxd6 19. c3 Nd5 20. g3
Rac8 21. a4 a6 22. h4 Rc7 23. Nd2 Rcc8 24. Nf1 g5 25. hxg5 Rh5 26. f4 Rch8 27.
Re2 Rh1+ 28. Kg2 Kd7 29. Rae1 Ne7 30. Kf3 d5 31. Ne3 R1h3 32. Rg2 Ng6 33. Kf2
Ne7 34. Ng4 Nf5 35. Ne5+ Ke8 36. a5 b5 37. Nd3 Nh4 38. gxh4 Rxd3 39. Rh2 Rd2+
40. Re2 Rd1 41. f5 Kd7 42. fxe6+ fxe6 43. Kg3 Rd3+ 44. Kg4 b4 45. Rh3 Rd1 46.
h5 Rg1+ 47. Kh4 Rf8 48. h6 Rf4+ 49. Kh5 Rf5 50. Re5 Rgxg5+ 51. Kh4 Rh5+ 52. Kg4
Rhg5+ 1/2-1/2

[Event "I Open Ciutat de Sueca 2015"]
[Site "Sueca ESP"]
[Date "2015.07.27"]
[Round "1.15"]
[White "Vila Tormo, Eduardo"]
[Black "Crecente Penalba, Jose Manuel"]
[Result "0-1"]
[WhiteElo "1622"]
[BlackElo "2153"]
[PlyCount "78"]
[EventDate "2015.07.27"]
[EventType "swiss"]
[EventRounds "8"]
[EventCountry "ESP"]
[SourceTitle "Ajedrez en Madrid"]
[Source "lmi"]
[SourceDate "2015.05.27"]

1. e4 c5 2. Nc3 Nc6 3. Bc4 g6 4. Nf3 Bg7 5. O-O e6 6. Re1 d6 7. a3 Nge7 8. d3
O-O 9. Ba2 Rb8 10. Ne2 b5 11. d4 b4 12. axb4 Rxb4 13. c3 Rb8 14. d5 exd5 15.
exd5 Ne5 16. Nxe5 Bxe5 17. Bb3 Qb6 18. Bc4 a5 19. Qa4 Ra8 20. Qb5 Qc7 21. Qa4
Bd7 22. Qc2 Rfb8 23. Nf4 Qb7 24. Nd3 Bf5 25. Qe2 Bf6 26. Qf3 h5 27. Re2 Kg7 28.
Kf1 Bg4 29. Qe3 Nf5 30. Qd2 Bxe2+ 31. Qxe2 Re8 32. Qd2 Qe7 33. Bb5 Red8 34. Ra4
h4 35. h3 Rh8 36. f3 Ng3+ 37. Kf2 Bg5 38. Qd1 Bxc1 39. Nxc1 Rh5 0-1

[Event "I Open Ciutat de Sueca 2015"]
[Site "Sueca ESP"]
[Date "2015.07.27"]
[Round "1.16"]
[White "Cortes Marti, Javier"]
[Black "Gordillo Garcia, Ignacio"]
[Result "1-0"]
[WhiteElo "2081"]
[BlackElo "1613"]
[PlyCount "119"]
[EventDate "2015.07.27"]
[EventType "swiss"]
[EventRounds "8"]
[EventCountry "ESP"]
[SourceTitle "Ajedrez en Madrid"]
[Source "lmi"]
[SourceDate "2015.05.27"]

1. e4 c5 2. Nf3 Nc6 3. d4 cxd4 4. Nxd4 Nf6 5. Nc3 a6 6. Be3 e6 7. f3 d6 8. g4
Be7 9. Qd2 Bd7 10. Be2 Nxd4 11. Bxd4 e5 12. Be3 Be6 13. O-O-O Qa5 14. Kb1 O-O
15. Nd5 Qd8 16. Bb6 Qd7 17. Nxe7+ Qxe7 18. Qxd6 Qe8 19. h4 Rc8 20. Qb4 Qc6 21.
Bd3 Nd7 22. Be3 Rfd8 23. h5 b5 24. g5 Nb6 25. g6 Nc4 26. gxf7+ Kxf7 27. Bxc4
Qxc4 28. Qxc4 Bxc4 29. Bg5 Rxd1+ 30. Rxd1 Ke6 31. Rd2 Bf1 32. Rf2 Bh3 33. Rh2
Bf1 34. Be3 Rf8 35. Rf2 Bh3 36. h6 gxh6 37. Bxh6 Rf7 38. Kc1 Bg4 39. f4 exf4
40. Bxf4 h5 41. Kd2 Rd7+ 42. Ke3 Rd1 43. Bg3 Re1+ 44. Kf4 Re2 45. Rxe2 Bxe2 46.
Ke3 Bd1 47. c3 a5 48. Kd4 a4 49. c4 bxc4 50. Kxc4 Bc2 51. e5 h4 52. Bh2 h3 53.
b4 axb3 54. axb3 Bf5 55. Kb5 Kd7 56. Kb6 Kc8 57. Kc6 Bc2 58. b4 Be4+ 59. Kb6
Kd7 60. b5 1-0

[Event "I Open Ciutat de Sueca 2015"]
[Site "Sueca ESP"]
[Date "2015.07.27"]
[Round "1.17"]
[White "Montoliu Costa, Francisco"]
[Black "Mataix Arbona, Cesar"]
[Result "0-1"]
[WhiteElo "1611"]
[BlackElo "2064"]
[PlyCount "84"]
[EventDate "2015.07.27"]
[EventType "swiss"]
[EventRounds "8"]
[EventCountry "ESP"]
[SourceTitle "Ajedrez en Madrid"]
[Source "lmi"]
[SourceDate "2015.05.27"]

1. d4 Nf6 2. c4 c5 3. e3 g6 4. Nc3 Bg7 5. Nf3 O-O 6. Be2 b6 7. O-O Bb7 8. d5 d6
9. Qc2 Na6 10. e4 Nd7 11. Bg5 Nc7 12. Qd2 Ne8 13. h3 Bc8 14. Nh2 Ndf6 15. f4 h6
16. Bh4 a6 17. Nf3 Qc7 18. Rae1 Rb8 19. Bd3 e5 20. fxe5 dxe5 21. a4 Nh5 22. Ne2
Nd6 23. g4 Nf6 24. Nxe5 Ndxe4 25. Qc2 Qxe5 26. Bxe4 Nxe4 27. Ng3 Qd4+ 28. Kg2
Ng5 29. Rf2 b5 30. axb5 axb5 31. b3 bxc4 32. bxc4 Rb2 33. Qxb2 Qxb2 34. Rxb2
Bxb2 35. Rb1 Bd4 36. Ne2 Be3 37. Rb3 Re8 38. Nc3 f5 39. gxf5 Bxf5 40. Bxg5 Bxg5
41. Nb5 Re3 42. Rxe3 Bxe3 0-1

[Event "I Open Ciutat de Sueca 2015"]
[Site "Sueca ESP"]
[Date "2015.07.27"]
[Round "1.18"]
[White "Ferrer Berenguer, Ligorio"]
[Black "Sancho Pascual, Emilio"]
[Result "1-0"]
[WhiteElo "2056"]
[BlackElo "1550"]
[PlyCount "81"]
[EventDate "2015.07.27"]
[EventType "swiss"]
[EventRounds "8"]
[EventCountry "ESP"]
[SourceTitle "Ajedrez en Madrid"]
[Source "lmi"]
[SourceDate "2015.05.27"]

1. e4 d5 2. exd5 Qxd5 3. Nc3 Qd6 4. d4 Nf6 5. Be2 a6 6. Nf3 Bf5 7. h3 e6 8. Be3
Nbd7 9. Nh4 Bg6 10. Nxg6 hxg6 11. Qd2 O-O-O 12. O-O-O Nb6 13. f3 Qb4 14. a3 Qa5
15. Nb1 Qxd2+ 16. Nxd2 Nbd5 17. Bg5 Bd6 18. Nc4 Bf4+ 19. Bxf4 Nxf4 20. Bf1 N6d5
21. g3 b5 22. Ne5 Ne3 23. Re1 Nxf1 24. Rhxf1 Rxd4 25. gxf4 Rxf4 26. Re4 Rf5 27.
h4 Rhh5 28. Nc6 Kd7 29. Nd4 Rd5 30. c3 f5 31. Re2 e5 32. Nc2 f4 33. Rg2 Rd6 34.
Rg4 c5 35. Rd1 Rh6 36. b3 Rxd1+ 37. Kxd1 Ke6 38. c4 Kf5 39. cxb5 axb5 40. a4 e4
41. Rg5+ 1-0

[Event "I Open Ciutat de Sueca 2015"]
[Site "Sueca ESP"]
[Date "2015.07.27"]
[Round "1.19"]
[White "La Orden Garcia, Raquel"]
[Black "Ortega Gadea, Santiago"]
[Result "0-1"]
[WhiteElo "1540"]
[BlackElo "2044"]
[PlyCount "70"]
[EventDate "2015.07.27"]
[EventType "swiss"]
[EventRounds "8"]
[EventCountry "ESP"]
[SourceTitle "Ajedrez en Madrid"]
[Source "lmi"]
[SourceDate "2015.05.27"]

1. e4 c5 2. Nf3 e6 3. d4 cxd4 4. Nxd4 a6 5. Nc3 Qc7 6. Be3 Nf6 7. f3 Bb4 8. Qd2
d5 9. Bg5 e5 10. Bxf6 gxf6 11. Nde2 d4 12. Nxd4 exd4 13. Qxd4 Bxc3+ 14. bxc3
Nc6 15. Qxf6 Qe5 16. Qxe5+ Nxe5 17. O-O-O f6 18. Be2 Ke7 19. h3 Be6 20. f4 Nc6
21. f5 Bf7 22. g4 Rac8 23. Rd2 Ne5 24. g5 Rc6 25. Rhd1 fxg5 26. c4 Rhc8 27. Bg4
R8c7 28. Rd8 Nxg4 29. hxg4 Rxc4 30. R1d6 Rxc2+ 31. Kd1 Be8 32. f6+ Kf7 33. e5
Ba4 34. Ke1 Rxa2 35. e6+ Kxf6 0-1

[Event "I Open Ciutat de Sueca 2015"]
[Site "Sueca ESP"]
[Date "2015.07.27"]
[Round "1.20"]
[White "Rasskin Friederichs, Ivan"]
[Black "Sanchis, Fernand"]
[Result "1-0"]
[WhiteElo "2036"]
[BlackElo "1525"]
[PlyCount "43"]
[EventDate "2015.07.27"]
[EventType "swiss"]
[EventRounds "8"]
[EventCountry "ESP"]
[SourceTitle "Ajedrez en Madrid"]
[Source "lmi"]
[SourceDate "2015.05.27"]

1. e4 e5 2. Nc3 Nc6 3. f4 exf4 4. Nf3 d6 5. d4 Bg4 6. Bxf4 Be7 7. Bc4 Na5 8.
Bd3 h6 9. O-O Nc6 10. Bc4 a6 11. e5 Na5 12. Bxf7+ Kxf7 13. exd6 cxd6 14. Ne5+
dxe5 15. Bxe5+ Bf6 16. Qxg4 h5 17. Qf3 Rh6 18. Ne4 Nc6 19. Qb3+ Kg6 20. Rad1
Qe7 21. Ng5 Bxg5 22. Qd3# 1-0

[Event "I Open Ciutat de Sueca 2015"]
[Site "Sueca ESP"]
[Date "2015.07.27"]
[Round "1.21"]
[White "Dominguez Gandia, Jose Miguel"]
[Black "Gomez Sanjuan, Hector Fernando"]
[Result "1/2-1/2"]
[WhiteElo "1521"]
[BlackElo "2032"]
[PlyCount "57"]
[EventDate "2015.07.27"]
[EventType "swiss"]
[EventRounds "8"]
[EventCountry "ESP"]
[SourceTitle "Ajedrez en Madrid"]
[Source "lmi"]
[SourceDate "2015.05.27"]

1. d4 Nf6 2. c4 e6 3. Nc3 Bb4 4. f3 d5 5. e3 O-O 6. Bd3 c5 7. Nge2 Nc6 8. O-O
Bxc3 9. bxc3 Qa5 10. a4 b6 11. cxd5 exd5 12. Bd2 Ba6 13. Bc2 Bc4 14. Re1 Qa6
15. Bc1 Rfe8 16. Ng3 cxd4 17. exd4 Rxe1+ 18. Qxe1 Bd3 19. Qd1 Bxc2 20. Qxc2 Re8
21. Bb2 Na5 22. Rd1 Nc4 23. Bc1 Ne3 24. Bxe3 Rxe3 25. Kf2 Re8 26. Nf5 Re6 27.
Ne3 Rc6 28. Qb3 Qa5 29. Rc1 1/2-1/2

[Event "I Open Ciutat de Sueca 2015"]
[Site "Sueca ESP"]
[Date "2015.07.27"]
[Round "1.22"]
[White "Hurtado Oldridge, Felipe"]
[Black "Calabuig Ferrer, Jose"]
[Result "1-0"]
[WhiteElo "2019"]
[BlackElo "1420"]
[PlyCount "75"]
[EventDate "2015.07.27"]
[EventType "swiss"]
[EventRounds "8"]
[EventCountry "ESP"]
[SourceTitle "Ajedrez en Madrid"]
[Source "lmi"]
[SourceDate "2015.05.27"]

1. d4 d5 2. c4 e6 3. Nc3 Nf6 4. Bg5 Be7 5. e3 Nbd7 6. Nf3 h6 7. Bh4 c6 8. Qc2
O-O 9. a3 a5 10. Be2 Re8 11. O-O b6 12. cxd5 cxd5 13. Rfc1 Bb7 14. Bb5 Rf8 15.
Qa4 Rc8 16. Rc2 Nb8 17. Rac1 Bc6 18. Bxc6 Rxc6 19. Bxf6 Bxf6 20. Nxd5 Rxc2 21.
Nxf6+ Qxf6 22. Qxc2 Qe7 23. Qc7 Qxc7 24. Rxc7 Rd8 25. g4 Nd7 26. g5 h5 27. Kg2
Kh7 28. Kg3 Kg6 29. Rxd7 Rxd7 30. Ne5+ Kxg5 31. Nxd7 b5 32. Ne5 f6 33. Nc6 a4
34. e4 Kg6 35. Na7 Kf7 36. Nxb5 Ke7 37. Nc3 g5 38. Nxa4 1-0

[Event "I Open Ciutat de Sueca 2015"]
[Site "Sueca ESP"]
[Date "2015.07.27"]
[Round "1.23"]
[White "Porras Boronat, German"]
[Black "Bordes Ibanez, Juan"]
[Result "0-1"]
[WhiteElo "1402"]
[BlackElo "1997"]
[PlyCount "56"]
[EventDate "2015.07.27"]
[EventType "swiss"]
[EventRounds "8"]
[EventCountry "ESP"]
[SourceTitle "Ajedrez en Madrid"]
[Source "lmi"]
[SourceDate "2015.05.27"]

1. e4 c5 2. Nf3 Nc6 3. d4 cxd4 4. Nxd4 Nf6 5. Nc3 d6 6. Bc4 e6 7. Bb3 Be7 8.
Be3 O-O 9. O-O Na5 10. f4 Nxb3 11. axb3 a6 12. Qf3 e5 13. Nf5 Bxf5 14. exf5
exf4 15. Bxf4 d5 16. Rad1 Qb6+ 17. Be3 Bc5 18. Bxc5 Qxc5+ 19. Qf2 Qc6 20. Rd4
Rac8 21. Qf3 h6 22. Rf2 Rfe8 23. Kf1 Re5 24. Rfd2 Ne4 25. Re2 Rce8 26. Nxd5
Ng3+ 27. Qxg3 Rxe2 28. f6 Re1+ 0-1